La conquista de la felicidad (Registro nro. 49362)

Detalles MARC
000 -ENCABEZADO
Número de control [NR] 00827nam a2200265Ia 4500
008 - DE LONGITUD FIJA DE DATOS DE ELEMENTOS - INFORMACIÓN GENERAL
Elementos de longitud fija [NR] 130821s2005 sp gr spa
020 ## - NUMERO INTERNACIONAL NORMALIZADO PARA LIBROS [R]
Número Internacional Normalizado del libro [NR] 8497592883
040 ## - FUENTE DE CATALOGACION [NR]
Agencia de catalogación original [NR] Co-BoUCM
Idioma de catalogación [NR] spa
041 00 - CODIGO DE IDIOMA [R]
Código de idioma para texto/pista de sonido o título separado [R] Español
100 1# - ASIENTO PRINCIPAL--NOMBRE PERSONAL [NR]
Nombre personal [NR] Russell, Bertrand
Fechas asociadas con el nombre [NR] 1872-1970
ID Autoridad 64519
245 13 - MENCION DE TITULO [NR]
Título [NR] La conquista de la felicidad
Mención de responsabilidad, etc. [NR] Bertrand Russell ; traducción de Juan Manuel Ibeas
250 ## - MENCION DE EDICION [NR]
Mención de edición [NR] 6a. ed.
260 ## - PUBLICACION, DISTRIBUCION, ETC. (PIE DE IMPRENTA) [R]
Lugar de publicación, distribución, etc. [R] Barcelona (España)
Nombre del editor, distribuidor, etc. [R] Debolsillo
Fecha de publicación, distribución, etc. [R] 2005
300 ## - DESCRIPCION FISICA [R]
Extensión [R] 206 páginas
490 #0 - MENCION DE SERIE [R]
Mención de serie [R] Ensayo - Filosofía
Designación numérica/secuencial del volumen [NR] 1
650 04 - ASIENTO SECUNDARIO DE MATERIA - TERMINO TEMATICO [R]
Término temático o nombre geográfico como elemento de entrada [NR] Autoestima
9 (RLIN) 9778
650 04 - ASIENTO SECUNDARIO DE MATERIA - TERMINO TEMATICO [R]
Término temático o nombre geográfico como elemento de entrada [NR] Ética
9 (RLIN) 195
650 04 - ASIENTO SECUNDARIO DE MATERIA - TERMINO TEMATICO [R]
Término temático o nombre geográfico como elemento de entrada [NR] Éxito
9 (RLIN) 15413
650 04 - ASIENTO SECUNDARIO DE MATERIA - TERMINO TEMATICO [R]
Término temático o nombre geográfico como elemento de entrada [NR] Felicidad
9 (RLIN) 15625
650 04 - ASIENTO SECUNDARIO DE MATERIA - TERMINO TEMATICO [R]
Término temático o nombre geográfico como elemento de entrada [NR] Motivación
9 (RLIN) 19787
700 1# - ASIENTO SECUNDARIO - NOMBRE PERSONAL [R]
Nombre personal [NR] Ibeas, Juan Manuel
Término de relación [R]
9 (RLIN) 135784
765 0# - ASIENTO DE IDIOMA ORIGINAL [R]
Asiento principal [NR] The conquest of happiness.
942 ## - ELEMENTOS DE ENTRADA AGREGADOS (KOHA)
Tipo de ítem principal el descrito en 300a Libro
Tema principal Filosofía
Edición 6
Parte restante de la signatura top. R961c
Sistema de clasificación DEWEY
Clasificación 171.4
Existencias
Fecha de último préstamo Total préstamos Total Renewals Signatura topográfica Código de barras Última vez visto Volúmen / Fascículo Ejemplar Price effective from Tipo de ítem Perdido Sistema de clasificación Dañado No prestable Tipo de ítem específico Suprimido Ubicación habitual Ubicación actual Localización Fecha de creación Forma de adquisición Costo
03/03/2026 46 11 171.4 R961c 100078329 15/04/2026 6a. Ed. Ej.1 03/02/2013 Libro   DEWEY     Libro   Claustro Claustro 2do piso 28/02/2006 Compra 20430.00